00475 2200157 4500001002100000005001500021035002000036245011800056100001600174300002800190260004300218082000800261084001400269020002200283990001200305INLIS00000000000255520250605103531 a0010-06250001411 aPelajar Indonesia Anti Narkoba :bPeran Pendidikan Islam Dalam Penanggulangan Narkoba /cDr. H. Abdul Wahib, M.Ag0 aAbdul Wahib a160 hlm ;c14,5 x 21 cm aJakarta :bEmir Cakrawala Islam,c2016 a000 a000 ABD p a978-602-0935-41-6 a0754885